[Event "ECCC 2013"]
[Site "Rhodes"]
[Date "2013.10.24"]
[Round "5"]
[White "Stubberud, Ornulf"]
[Black "Gerber, Richard"]
[Result "0-1"]
[WhiteElo "2327"]
[BlackElo "2390"]
[PlyCount "56"]
[EventDate "2013.10.20"]
[EventType "team"]
[EventRounds "7"]
[EventCountry "GRE"]
[WhiteTeam "Oslo Schakselskap"]
[BlackTeam "Club d'Echecs de Geneve"]

1. e4 c5 2. Nf3 d6 3. d4 cxd4 4. Nxd4 Nf6 5. Nc3 g6 6. Be3 Bg7 7. f3 Nc6 8. Qd2
O-O 9. Bc4 Bd7 10. O-O-O Rb8 11. Bb3 Na5 12. Bh6 b5 13. Bxg7 Kxg7 14. Nd5 e5
15. Nxf6 Kxf6 16. Ne2 Nxb3+ 17. cxb3 Rb6 18. Kb1 Kg7 19. Qb4 Qg5 20. Ng3 Be6
21. Rd2 Rc8 22. Rhd1 Rc5 23. Nf1 Rbc6 24. Qa3 b4 25. Qxb4 d5 26. a3 d4 27. Qb8
Qe7 28. b4 Rc8 0-1

[Event "ECCC 2013"]
[Site "Rhodes"]
[Date "2013.10.24"]
[Round "5"]
[White "Landenbergue, Claude"]
[Black "Dolzhikova, Olga"]
[Result "1-0"]
[WhiteElo "2393"]
[BlackElo "2237"]
[PlyCount "69"]
[EventDate "2013.10.20"]
[EventType "team"]
[EventRounds "7"]
[EventCountry "GRE"]
[WhiteTeam "Club d'Echecs de Geneve"]
[BlackTeam "Oslo Schakselskap"]

1. Nf3 Nf6 2. c4 e6 3. g3 b6 4. Bg2 Bb7 5. O-O Be7 6. b3 d5 7. Bb2 c5 8. e3 Nc6
9. cxd5 exd5 10. d4 O-O 11. Nc3 Rc8 12. Rc1 Ba6 13. Re1 c4 14. Ne5 Na5 15. bxc4
Nxc4 16. Ba1 b5 17. Qb3 Na5 18. Qd1 b4 19. Ne2 Bc4 20. Nf4 Qb6 21. Nxc4 dxc4
22. e4 b3 23. e5 b2 24. Bxb2 Qxb2 25. exf6 Bxf6 26. Nd5 Bd8 27. Rc2 Qa3 28. Qg4
Rb8 29. Qd7 Nb7 30. Rxc4 Qxa2 31. Rcc1 Na5 32. Re8 Bb6 33. Rcc8 Rxc8 34. Qxc8
Qa1+ 35. Bf1 1-0

[Event "ECCC 2013"]
[Site "Rhodes"]
[Date "2013.10.24"]
[Round "5"]
[White "Trygstad, Kristian"]
[Black "Domont, Alexandre"]
[Result "1/2-1/2"]
[WhiteElo "2216"]
[BlackElo "2373"]
[PlyCount "133"]
[EventDate "2013.10.20"]
[EventType "team"]
[EventRounds "7"]
[EventCountry "GRE"]
[WhiteTeam "Oslo Schakselskap"]
[BlackTeam "Club d'Echecs de Geneve"]

1. e4 g6 2. d4 Bg7 3. Nc3 c6 4. Nf3 d5 5. exd5 cxd5 6. Bf4 Nf6 7. Be2 O-O 8.
O-O a6 9. Ne5 b5 10. Bf3 Bb7 11. Re1 Nbd7 12. Nxd7 Qxd7 13. Qd2 Rfc8 14. a3 Rc4
15. Rad1 Rac8 16. Qe3 Ne4 17. Nxe4 dxe4 18. Bxe4 Bxe4 19. Qxe4 Bxd4 20. Be3
Bxe3 21. Qxe3 Qb7 22. c3 Re8 23. Rd2 Kg7 24. Red1 Qe4 25. Qxe4 Rxe4 26. Rd4 Re2
27. R4d2 Re6 28. Kf1 Rc8 29. Re2 Rxe2 30. Kxe2 f5 31. g3 g5 32. Rd4 Kf6 33. Kd3
Rc6 34. a4 bxa4 35. Rxa4 e5 36. Ra5 e4+ 37. Ke3 Rd6 38. b4 Rd3+ 39. Ke2 Rxc3
40. Rxa6+ Ke5 41. Ra5+ Kf6 42. Ra6+ Kg7 43. b5 Rb3 44. Rb6 Kf7 45. Rb8 Kg6 46.
b6 Kh5 47. b7 Kg4 48. h4 h6 49. hxg5 hxg5 50. Kd2 Rd3+ 51. Ke2 Rd7 52. Ke3 Rf7
53. Ke2 Re7 54. Ke3 Rf7 55. Ke2 f4 56. gxf4 Kxf4 57. Ke1 Kf3 58. Kf1 e3 59.
fxe3 Kxe3+ 60. Kg2 Kf4 61. Ra8 Rxb7 62. Ra4+ Kf5 63. Ra5+ Kg4 64. Ra4+ Kh5 65.
Rc4 Rb2+ 66. Kg3 Rb3+ 67. Kg2 1/2-1/2

[Event "ECCC 2013"]
[Site "Rhodes"]
[Date "2013.10.24"]
[Round "5"]
[White "Vuilleumier, Alexandre"]
[Black "Persson, Mats"]
[Result "0-1"]
[WhiteElo "2325"]
[BlackElo "2238"]
[PlyCount "80"]
[EventDate "2013.10.20"]
[EventType "team"]
[EventRounds "7"]
[EventCountry "GRE"]
[WhiteTeam "Club d'Echecs de Geneve"]
[BlackTeam "Oslo Schakselskap"]

1. e4 e5 2. Nf3 Nc6 3. d4 exd4 4. Nxd4 Bb4+ 5. c3 Bc5 6. Nxc6 bxc6 7. Bd3 Ne7
8. O-O O-O 9. Qh5 d6 10. Bg5 f6 11. Bh4 Ng6 12. b4 Bb6 13. Na3 Be6 14. Nc4 Qd7
15. h3 Bxh3 16. Bg3 Bg4 17. Qh2 Ne5 18. Bxe5 fxe5 19. a4 a5 20. b5 Bc5 21. Qg3
cxb5 22. axb5 a4 23. Ne3 Be6 24. Nd5 Bxd5 25. exd5 Rf4 26. c4 a3 27. Ra2 Raf8
28. Qh2 g6 29. g3 Rf3 30. Be4 Rc3 31. Kg2 Rxc4 32. f3 Rb4 33. Rh1 Qf7 34. Qh3
Rxb5 35. Qe6 Qxe6 36. dxe6 Rb6 37. f4 exf4 38. Bd5 Kg7 39. Re1 c6 40. Bf3 fxg3
0-1

[Event "ECCC 2013"]
[Site "Rhodes"]
[Date "2013.10.24"]
[Round "5"]
[White "Mihajlov, Sebastian"]
[Black "Duport, Nicolas"]
[Result "1/2-1/2"]
[WhiteElo "2194"]
[BlackElo "2219"]
[PlyCount "69"]
[EventDate "2013.10.20"]
[EventType "team"]
[EventRounds "7"]
[EventCountry "GRE"]
[WhiteTeam "Oslo Schakselskap"]
[BlackTeam "Club d'Echecs de Geneve"]

1. d4 Nf6 2. c4 e6 3. Nc3 Bb4 4. Qc2 d5 5. a3 Bxc3+ 6. Qxc3 O-O 7. Nf3 dxc4 8.
Qxc4 b6 9. g3 Bb7 10. Bg2 Nbd7 11. O-O Bd5 12. Qa4 c5 13. Bg5 cxd4 14. Qxd4 Rc8
15. Rac1 h6 16. Rxc8 Qxc8 17. Rc1 Qa6 18. Bxf6 Nxf6 19. e3 Rc8 20. Qd1 Rxc1 21.
Qxc1 Qb7 22. Qd1 b5 23. Ne1 Bxg2 24. Nxg2 Qd5 25. Qxd5 Nxd5 26. e4 Nb6 27. Ne3
Kf8 28. Kf1 Na4 29. Nd1 Ke7 30. Ke2 Kd6 31. Kd3 Nc5+ 32. Ke3 Na4 33. Kd3 Nc5+
34. Ke3 Na4 35. Kd3 1/2-1/2

[Event "ECCC 2013"]
[Site "Rhodes"]
[Date "2013.10.24"]
[Round "5"]
[White "Tripoteau, Nicolas"]
[Black "Wiedenkeller, Michael"]
[Result "1-0"]
[WhiteElo "2363"]
[BlackElo "2479"]
[PlyCount "61"]
[EventDate "2013.10.20"]
[EventType "team"]
[EventRounds "7"]
[EventCountry "GRE"]
[WhiteTeam "Sautron"]
[BlackTeam "CE De Sprenger Echternach"]

1. d4 Nf6 2. c4 e6 3. Nc3 Bb4 4. Qc2 O-O 5. e4 d5 6. e5 Ne4 7. a3 Bxc3+ 8. bxc3
c5 9. Bd3 Qa5 10. Ne2 cxd4 11. cxd5 exd5 12. f3 Nxc3 13. Nxd4 Nb5+ 14. Bd2 Nxd4
15. Bxh7+ Kh8 16. Bxa5 Nxc2+ 17. Bxc2 Nc6 18. Bb4 Nxb4 19. axb4 Bd7 20. Ra5 Bc6
21. Kd2 Rfe8 22. f4 d4 23. Ba4 Rec8 24. Ra1 Bxg2 25. Bb3 Rc7 26. e6 fxe6 27.
Rh5+ Kg8 28. Bxe6+ Kf8 29. Re1 Rc6 30. Rh8+ Ke7 31. Ba2+ 1-0

[Event "ECCC 2013"]
[Site "Rhodes"]
[Date "2013.10.24"]
[Round "5"]
[White "Wilger, Frank"]
[Black "Delorme, Alban"]
[Result "0-1"]
[WhiteElo "2107"]
[BlackElo "2283"]
[PlyCount "90"]
[EventDate "2013.10.20"]
[EventType "team"]
[EventRounds "7"]
[EventCountry "GRE"]
[WhiteTeam "CE De Sprenger Echternach"]
[BlackTeam "Sautron"]

1. d4 Nf6 2. Nf3 e6 3. e3 b6 4. Bd3 Bb7 5. Nbd2 c5 6. O-O d5 7. b3 Be7 8. Bb2
O-O 9. dxc5 bxc5 10. c4 Nbd7 11. Qe2 Ne4 12. cxd5 exd5 13. Ba6 Bxa6 14. Qxa6
Nxd2 15. Nxd2 Qb6 16. Qe2 Bf6 17. Nf3 a5 18. g3 a4 19. Bxf6 Nxf6 20. Nd2 h5 21.
Qd3 h4 22. Nf3 hxg3 23. hxg3 Qe6 24. Kg2 Rfd8 25. Rac1 Ne4 26. Rh1 axb3 27.
axb3 Ra2 28. Rc2 Rxc2 29. Qxc2 Qf5 30. Qb2 Rb8 31. Nh4 Qe6 32. Qc2 Qf6 33. f3
Qc3 34. Rc1 Rxb3 35. Qxc3 Rxc3 36. Rxc3 Nxc3 37. Kf2 g6 38. Ke1 Kg7 39. Kd2 Nb5
40. e4 Kf6 41. Ke3 c4 42. f4 dxe4 43. Kxe4 Nd6+ 44. Kf3 c3 45. Ke2 Ne4 0-1

[Event "ECCC 2013"]
[Site "Rhodes"]
[Date "2013.10.24"]
[Round "5"]
[White "Aubry, Yannis"]
[Black "Oberweis, Paul"]
[Result "1-0"]
[WhiteElo "2184"]
[BlackElo "2052"]
[PlyCount "113"]
[EventDate "2013.10.20"]
[EventType "team"]
[EventRounds "7"]
[EventCountry "GRE"]
[WhiteTeam "Sautron"]
[BlackTeam "CE De Sprenger Echternach"]

1. c4 g6 2. Nc3 Bg7 3. g3 d6 4. Bg2 e5 5. e4 Nc6 6. Nge2 Nge7 7. O-O O-O 8. d3
Be6 9. Nd5 Qd7 10. f4 Bg4 11. Ne3 Bxe2 12. Qxe2 exf4 13. Rxf4 Rae8 14. Rb1 Nd4
15. Qd1 c6 16. Bd2 f5 17. Bc3 Ne6 18. Bxg7 Kxg7 19. Rf1 f4 20. Nc2 fxg3 21.
hxg3 Ng5 22. Ne3 Rxf1+ 23. Qxf1 Rf8 24. Qe2 Nh3+ 25. Kh2 Rf2 26. Qg4 Qxg4 27.
Nxg4 Re2 28. Kxh3 h5 29. Nh2 g5 30. Bf3 g4+ 31. Nxg4 hxg4+ 32. Bxg4 Rd2 33. b3
Rxd3 34. Rd1 Rxd1 35. Bxd1 Ng6 36. Kg4 Kf6 37. Kh5 c5 38. Bg4 b6 39. Be6 Ne5
40. Bd5 a5 41. Kh6 Ng4+ 42. Kh7 Ne5 43. Kg8 Nd3 44. Kf8 Nc1 45. a4 Nxb3 46. Ke8
Nd4 47. Kd7 Ke5 48. Kc7 Ne2 49. g4 Nc3 50. g5 Nxa4 51. g6 Kf6 52. Kxd6 Kxg6 53.
e5 Nc3 54. e6 Nxd5 55. cxd5 a4 56. e7 Kf7 57. Kd7 1-0

[Event "ECCC 2013"]
[Site "Rhodes"]
[Date "2013.10.24"]
[Round "5"]
[White "Drzasga, Michael"]
[Black "Sorin, Baptiste"]
[Result "0-1"]
[WhiteElo "2019"]
[BlackElo "2183"]
[PlyCount "126"]
[EventDate "2013.10.20"]
[EventType "team"]
[EventRounds "7"]
[EventCountry "GRE"]
[WhiteTeam "CE De Sprenger Echternach"]
[BlackTeam "Sautron"]

1. f4 d5 2. b3 c5 3. Bb2 Nf6 4. Nf3 g6 5. e3 Bg7 6. Bb5+ Bd7 7. Qe2 O-O 8. Ne5
Bxb5 9. Qxb5 Qc7 10. O-O Ng4 11. Nc3 Nxe5 12. fxe5 e6 13. Qe2 Qxe5 14. e4 d4
15. Nd1 Qc7 16. Nf2 Nd7 17. d3 Ne5 18. Bc1 Qe7 19. Bd2 Rae8 20. Rae1 Qd8 21.
Ng4 Nxg4 22. Qxg4 e5 23. Rf3 Qc8 24. Qh4 f5 25. Ref1 f4 26. g4 fxg3 27. Qxg3
Rxf3 28. Rxf3 Rf8 29. h3 Qe6 30. Rxf8+ Bxf8 31. a4 b6 32. Kg2 a6 33. Qg4 Qxg4+
34. hxg4 h6 35. Kg3 g5 36. Kf3 Kg7 37. Be1 Kg6 38. Bd2 h5 39. Bc1 h4 40. Bd2
Be7 41. Be1 Kf6 42. Bf2 Ke6 43. Ke2 Kd6 44. Kd1 Kc6 45. Bg1 b5 46. axb5+ axb5
47. Bh2 Bd6 48. Kd2 Bc7 49. Kd1 c4 50. bxc4 bxc4 51. Bg1 Kb5 52. Bf2 Ba5 53.
Bg1 Kb4 54. Kd2 Ka3+ 55. Kd1 Kb2 56. Bh2 Kc3 57. dxc4 Bc7 58. c5 d3 59. cxd3
Kxd3 60. Ke1 Ke3 61. Kf1 Kf3 62. Kg1 Kxg4 63. Kf2 Kh3 0-1

[Event "ECCC 2013"]
[Site "Rhodes"]
[Date "2013.10.24"]
[Round "5"]
[White "Shengelia, David"]
[Black "Efimov, Igor"]
[Result "1/2-1/2"]
[WhiteElo "2556"]
[BlackElo "2380"]
[PlyCount "51"]
[EventDate "2013.10.20"]
[EventType "team"]
[EventRounds "7"]
[EventCountry "GRE"]
[WhiteTeam "SK Advisory Invest Baden"]
[BlackTeam "Cercle d'Echecs de Monte-Carlo"]

1. Nf3 c5 2. g3 b6 3. Bg2 Bb7 4. O-O Nf6 5. c4 e6 6. Nc3 Be7 7. Re1 d6 8. e4
Nbd7 9. d4 cxd4 10. Nxd4 Qc8 11. b3 a6 12. Bb2 O-O 13. Qe2 Re8 14. Rad1 Bf8 15.
Rd2 Qc7 16. Qd1 Rad8 17. h3 Qb8 18. g4 g6 19. Nde2 Nc5 20. Qc2 Qa8 21. Ng3 Bh6
22. Rdd1 Bf4 23. Nge2 Bh6 24. Ng3 Bf4 25. Nge2 Bh6 26. Ng3 1/2-1/2

[Event "ECCC 2013"]
[Site "Rhodes"]
[Date "2013.10.24"]
[Round "5"]
[White "Ganaus, Hannes"]
[Black "Meylan, Andre"]
[Result "1-0"]
[WhiteElo "2302"]
[BlackElo "2159"]
[PlyCount "53"]
[EventDate "2013.10.20"]
[EventType "team"]
[EventRounds "7"]
[EventCountry "GRE"]
[WhiteTeam "SK Advisory Invest Baden"]
[BlackTeam "Cercle d'Echecs de Monte-Carlo"]

1. d4 e6 2. e4 d5 3. Nc3 Nf6 4. exd5 exd5 5. Bg5 c6 6. Qd2 Bb4 7. Bd3 O-O 8. a3
Bxc3 9. bxc3 h6 10. Bh4 Ne4 11. Bxd8 Nxd2 12. Bc7 Ne4 13. Ne2 Re8 14. O-O Nd7
15. f3 Nd2 16. Rfe1 Nf6 17. Bf4 Nc4 18. g4 Bd7 19. Kf2 b5 20. h4 Kf8 21. Ng3
Rxe1 22. Rxe1 Re8 23. Rg1 a5 24. g5 Ng8 25. Bxc4 dxc4 26. Bd6+ Ne7 27. gxh6 1-0

[Event "ECCC 2013"]
[Site "Rhodes"]
[Date "2013.10.24"]
[Round "5"]
[White "Ribbegren, Karl Johan"]
[Black "Dzierzenga, Stefan"]
[Result "0-1"]
[WhiteElo "2157"]
[BlackElo "2173"]
[PlyCount "56"]
[EventDate "2013.10.20"]
[EventType "team"]
[EventRounds "7"]
[EventCountry "GRE"]
[WhiteTeam "Cercle d'Echecs de Monte-Carlo"]
[BlackTeam "SK Advisory Invest Baden"]

1. Nf3 c5 2. g3 Nc6 3. Bg2 g6 4. O-O Bg7 5. c4 e5 6. Nc3 Nge7 7. a3 O-O 8. Rb1
a5 9. d3 d6 10. Ne1 Be6 11. Nd5 Rb8 12. Bd2 b5 13. cxb5 Rxb5 14. Nxe7+ Nxe7 15.
b4 axb4 16. axb4 cxb4 17. Rxb4 Rxb4 18. Bxb4 Qb6 19. Qd2 Rc8 20. Ba3 Nf5 21.
Nf3 Qb3 22. Qa5 Bf8 23. Ra1 h6 24. g4 Ng7 25. h3 Rc2 26. Qd8 Qc3 27. Bb2 Qxb2
28. Ra8 Qc1+ 0-1

[Event "ECCC 2013"]
[Site "Rhodes"]
[Date "2013.10.24"]
[Round "5"]
[White "Herndlbauer, Martin"]
[Black "Meylan, Pierre"]
[Result "1-0"]
[WhiteElo "2125"]
[BlackElo "2060"]
[PlyCount "59"]
[EventDate "2013.10.20"]
[EventType "team"]
[EventRounds "7"]
[EventCountry "GRE"]
[WhiteTeam "SK Advisory Invest Baden"]
[BlackTeam "Cercle d'Echecs de Monte-Carlo"]

1. d4 Nf6 2. c4 c5 3. d5 e6 4. Nc3 exd5 5. cxd5 d6 6. e4 g6 7. f3 Bg7 8. Bg5
O-O 9. Qd2 a6 10. a4 Nbd7 11. Nh3 Re8 12. Nf2 Qa5 13. Ra3 Ne5 14. Be2 Rb8 15.
O-O Qc7 16. Raa1 c4 17. Rac1 b5 18. axb5 axb5 19. b4 Ba6 20. Ra1 Ra8 21. Be3
Reb8 22. g4 Qe7 23. g5 Ne8 24. f4 Nd7 25. Bg4 Nc7 26. Bd4 Re8 27. Bxg7 Kxg7 28.
e5 Nxe5 29. fxe5 Qxe5 30. Rae1 1-0

[Event "ECCC 2013"]
[Site "Rhodes"]
[Date "2013.10.24"]
[Round "5"]
[White "Rapaire, Jean-Michel"]
[Black "Ebert, Christian"]
[Result "0-1"]
[WhiteElo "1865"]
[BlackElo "2008"]
[PlyCount "104"]
[EventDate "2013.10.20"]
[EventType "team"]
[EventRounds "7"]
[EventCountry "GRE"]
[WhiteTeam "Cercle d'Echecs de Monte-Carlo"]
[BlackTeam "SK Advisory Invest Baden"]

1. e4 c5 2. Nf3 e6 3. c4 Nc6 4. Nc3 a6 5. Be2 e5 6. d3 d6 7. h3 Rb8 8. Nd5 Be7
9. Bd2 b5 10. b3 f5 11. exf5 Bxf5 12. Nc3 Nf6 13. g4 Be6 14. Ng5 Bd7 15. Nge4
O-O 16. O-O h5 17. Nxf6+ Bxf6 18. Ne4 Be7 19. Kg2 Qc8 20. Rh1 Nd4 21. Be3 h4
22. Bxd4 cxd4 23. Rc1 bxc4 24. Rxc4 Qb7 25. Qc2 Rbc8 26. Rxc8 Rxc8 27. Qd2 d5
28. Ng5 Rc3 29. Nf3 Qc7 30. Ne1 g5 31. Kf1 Kg7 32. Bf3 Bc6 33. Bg2 Kg6 34. Bf3
Ba3 35. Kg2 Bc1 36. Qd1 Bb7 37. Be2 Bf4 38. Qb1 a5 39. Nf3 Qc5 40. Rd1 Kf6 41.
Ne1 e4 42. Kg1 Ke5 43. Ng2 Bc1 44. Ne1 Ba3 45. Bf1 Qf8 46. Bg2 Qf4 47. Nc2 Bc5
48. dxe4 dxe4 49. b4 d3 50. bxc5 dxc2 51. Qxb7 cxd1=Q+ 52. Bf1 Rg3+ 0-1

[Event "ECCC 2013"]
[Site "Rhodes"]
[Date "2013.10.24"]
[Round "5"]
[White "Macqueen, Calum"]
[Black "Van De Griendt, Jan Willem"]
[Result "0-1"]
[WhiteElo "2236"]
[BlackElo "2317"]
[PlyCount "64"]
[EventDate "2013.10.20"]
[EventType "team"]
[EventRounds "7"]
[EventCountry "GRE"]
[WhiteTeam "Edinburgh Chess Club"]
[BlackTeam "White Rose"]

1. d4 Nf6 2. c4 e6 3. Nf3 d5 4. g3 dxc4 5. Bg2 Nc6 6. Qa4 Bb4+ 7. Bd2 Nd5 8.
Bxb4 Ndxb4 9. a3 b5 10. Qd1 Nd5 11. e4 Nb6 12. Nc3 a6 13. O-O O-O 14. Qd2 Bb7
15. Rad1 Qe7 16. Rfe1 Rad8 17. Qf4 b4 18. d5 e5 19. Qc1 bxc3 20. dxc6 cxb2 21.
Qxb2 Bxc6 22. Qxe5 Qxe5 23. Nxe5 Bb5 24. f4 c3 25. Rc1 Na4 26. Nf3 Rd2 27. e5
Rfd8 28. Ng5 c2 29. Be4 Bd3 30. Nf3 Bxe4 31. Rxe4 Rd1+ 32. Re1 Rxc1 0-1

[Event "ECCC 2013"]
[Site "Rhodes"]
[Date "2013.10.24"]
[Round "5"]
[White "Townsend, M Paul"]
[Black "Berry, Neil"]
[Result "1/2-1/2"]
[WhiteElo "2233"]
[BlackElo "2254"]
[PlyCount "81"]
[EventDate "2013.10.20"]
[EventType "team"]
[EventRounds "7"]
[EventCountry "GRE"]
[WhiteTeam "White Rose"]
[BlackTeam "Edinburgh Chess Club"]

1. d4 Nf6 2. c4 e6 3. g3 d5 4. Bg2 Bb4+ 5. Bd2 Be7 6. Nf3 O-O 7. O-O c6 8. Qc2
Nbd7 9. Rd1 b6 10. Bf4 Bb7 11. Nc3 dxc4 12. Nd2 Nd5 13. Nxc4 Nxf4 14. gxf4 Qc7
15. e3 Rad8 16. Rac1 c5 17. d5 exd5 18. Nxd5 Bxd5 19. Rxd5 Nf6 20. Rxd8 Rxd8
21. Ne5 Bd6 22. Nc6 Rd7 23. Rd1 Bf8 24. a4 Rxd1+ 25. Qxd1 h6 26. Qd3 Bd6 27.
Bf3 a5 28. Kg2 Nd7 29. h4 Nb8 30. Nxb8 Qxb8 31. Qd5 Qd8 32. h5 Bc7 33. Qxd8+
Bxd8 34. Bd5 Kf8 35. Kf3 Bf6 36. b3 Bh4 37. Ke2 Ke7 38. f3 f6 39. Kd3 Kd6 40.
Bc4 Bf2 41. Ke2 1/2-1/2

[Event "ECCC 2013"]
[Site "Rhodes"]
[Date "2013.10.24"]
[Round "5"]
[White "Oswald, David C"]
[Black "Barrett, Stephen J"]
[Result "0-1"]
[WhiteElo "2073"]
[BlackElo "2216"]
[PlyCount "90"]
[EventDate "2013.10.20"]
[EventType "team"]
[EventRounds "7"]
[EventCountry "GRE"]
[WhiteTeam "Edinburgh Chess Club"]
[BlackTeam "White Rose"]

1. e4 c5 2. d4 cxd4 3. c3 dxc3 4. Nxc3 Nc6 5. Nf3 e6 6. Bc4 a6 7. O-O b5 8. Bb3
d6 9. Qe2 Ra7 10. Be3 Rd7 11. Rfd1 Be7 12. Rac1 Bb7 13. Nd4 Nxd4 14. Bxd4 Nf6
15. f4 O-O 16. f5 e5 17. Bf2 d5 18. exd5 Nxd5 19. Nxd5 Bxd5 20. Bxd5 Rxd5 21.
Rxd5 Qxd5 22. Rd1 Qxa2 23. Qxe5 Bf6 24. Qd6 Qxb2 25. Bc5 Re8 26. Qd7 Qe2 27.
Bf2 Qe7 28. Qc6 Rd8 29. Re1 Qb4 30. Re8+ Rxe8 31. Qxe8+ Qf8 32. Qc6 Qd8 33. g3
h6 34. Qxa6 Qd1+ 35. Kg2 Qd5+ 36. Kg1 Qxf5 37. Qc6 Kh7 38. Qb7 Kg6 39. Kg2 Qd3
40. h3 Qc4 41. g4 Kh7 42. Qf3 Bc3 43. g5 hxg5 44. Qh5+ Kg8 45. Qxg5 Bf6 0-1

[Event "ECCC 2013"]
[Site "Rhodes"]
[Date "2013.10.24"]
[Round "5"]
[White "Sykes, Chris"]
[Black "O'Driscoll, Kieran"]
[Result "1-0"]
[WhiteElo "1925"]
[BlackElo "2120"]
[PlyCount "59"]
[EventDate "2013.10.20"]
[EventType "team"]
[EventRounds "7"]
[EventCountry "GRE"]
[WhiteTeam "Edinburgh Chess Club"]
[BlackTeam "White Rose"]

1. d4 Nf6 2. Bf4 c5 3. d5 Qb6 4. Nc3 Qxb2 5. Bd2 Qb6 6. e4 d6 7. f4 e6 8. Nf3
exd5 9. Nxd5 Nxd5 10. exd5 Be7 11. Bd3 O-O 12. Rb1 Qd8 13. O-O Nd7 14. c4 Nf6
15. Re1 b6 16. Bc2 Bd7 17. Bc3 Re8 18. Ng5 h6 19. Qd3 hxg5 20. Bxf6 g6 21. Rxe7
Rxe7 22. fxg5 Qe8 23. Qg3 Re4 24. Bxe4 Qxe4 25. Rf1 Re8 26. h3 Bf5 27. Qxd6
Bxh3 28. Qg3 Bf5 29. Qh2 Qe3+ 30. Kh1 1-0

[Event "ECCC 2013"]
[Site "Rhodes"]
[Date "2013.10.24"]
[Round "5"]
[White "Banikas, Hristos"]
[Black "Salihu, Sami"]
[Result "1-0"]
[WhiteElo "2630"]
[BlackElo "2215"]
[PlyCount "57"]
[EventDate "2013.10.20"]
[EventType "team"]
[EventRounds "7"]
[EventCountry "GRE"]
[WhiteTeam "Peristeri"]
[BlackTeam "Istogu Chess Club"]

1. d4 f5 2. Bg5 h6 3. Bh4 Nf6 4. Bxf6 exf6 5. e3 g6 6. g4 d5 7. Bd3 h5 8. gxf5
g5 9. Nc3 Bb4 10. Nge2 Nc6 11. a3 Bxc3+ 12. Nxc3 Ne7 13. Qf3 c6 14. O-O-O Qc7
15. e4 Qf4+ 16. Qxf4 gxf4 17. f3 Kf7 18. Ne2 Bd7 19. Nxf4 Rag8 20. Rhg1 h4 21.
Kd2 b5 22. Ke3 a6 23. Kf2 Rc8 24. Ng6 Nxg6 25. Rxg6 c5 26. e5 fxe5 27. dxe5 c4
28. e6+ Ke7 29. exd7 1-0

[Event "ECCC 2013"]
[Site "Rhodes"]
[Date "2013.10.24"]
[Round "5"]
[White "Arben, Avdiu"]
[Black "Halkias, Stelios"]
[Result "0-1"]
[WhiteElo "1967"]
[BlackElo "2568"]
[PlyCount "46"]
[EventDate "2013.10.20"]
[EventType "team"]
[EventRounds "7"]
[EventCountry "GRE"]
[WhiteTeam "Istogu Chess Club"]
[BlackTeam "Peristeri"]

1. e4 e5 2. Nf3 Nc6 3. Bb5 a6 4. Ba4 Nf6 5. d3 d6 6. O-O Bd7 7. Nc3 g6 8. Re1
Bg7 9. d4 Nxd4 10. Nxd4 exd4 11. e5 O-O 12. exf6 Bxf6 13. Bxd7 dxc3 14. Bh6
Qxd7 15. Bxf8 cxb2 16. Rb1 Rxf8 17. Qf3 Qf5 18. Qxf5 gxf5 19. Re3 b5 20. Rf3
Re8 21. Kf1 b4 22. Rxf5 Bc3 23. Rf3 Re1+ 0-1

[Event "ECCC 2013"]
[Site "Rhodes"]
[Date "2013.10.24"]
[Round "5"]
[White "Sandalakis, Angelos"]
[Black "Sadiku, Bedri"]
[Result "1-0"]
[WhiteElo "2394"]
[BlackElo "2267"]
[PlyCount "154"]
[EventDate "2013.10.20"]
[EventType "team"]
[EventRounds "7"]
[EventCountry "GRE"]
[WhiteTeam "Peristeri"]
[BlackTeam "Istogu Chess Club"]

1. d4 Nf6 2. c4 e6 3. g3 Bb4+ 4. Nd2 Ne4 5. Bg2 Bxd2+ 6. Bxd2 Nxd2 7. Qxd2 d6
8. Nf3 Qe7 9. O-O O-O 10. Rac1 Nd7 11. c5 Nf6 12. Qb4 Re8 13. Rfd1 h6 14. Rd2
a5 15. Qb5 e5 16. cxd6 cxd6 17. dxe5 dxe5 18. Rdc2 e4 19. Nd4 Rd8 20. e3 Be6
21. Rc7 Qd6 22. Rxb7 Rdc8 23. Ra1 Bc4 24. Qb6 Qd5 25. b3 Bd3 26. Rc7 a4 27. Nc6
Kh7 28. Rxc8 Rxc8 29. Nd4 Rc5 30. h3 Ra5 31. b4 Ra8 32. Qc5 a3 33. Bf1 Qxc5 34.
bxc5 Nd5 35. Rd1 Nb4 36. Bxd3 exd3 37. Rd2 Kg6 38. Kg2 Kf6 39. f4 Rc8 40. Nb3
Rb8 41. c6 Rb6 42. Na5 Ke7 43. Kf3 Ra6 44. c7 Kd7 45. Nc4 f6 46. Ke4 Kxc7 47.
Kd4 Kc6 48. e4 Ra8 49. e5 Rd8+ 50. Nd6 Rb8 51. Kc4 fxe5 52. fxe5 Kd7 53. Nb5
Kc6 54. Kxb4 Rxb5+ 55. Kxa3 Rxe5 56. Rxd3 Kb5 57. Kb3 h5 58. a3 Rc5 59. a4+ Ka5
60. Rd4 Re5 61. Rd3 Rc5 62. g4 hxg4 63. hxg4 Re5 64. Rd4 Re3+ 65. Kc2 Rg3 66.
Kd2 Kb6 67. Rc4 g5 68. Ke2 Ra3 69. Kf2 Kb7 70. Rc5 Rxa4 71. Rxg5 Ra3 72. Re5
Kc6 73. Re3 Ra1 74. Kg3 Kd5 75. Re8 Kd6 76. Kh4 Ra7 77. Kh5 Ra3 1-0

[Event "ECCC 2013"]
[Site "Rhodes"]
[Date "2013.10.24"]
[Round "5"]
[White "Hamitevici, Vladimir"]
[Black "Jones, Iolo C"]
[Result "1/2-1/2"]
[WhiteElo "2490"]
[BlackElo "2190"]
[PlyCount "98"]
[EventDate "2013.10.20"]
[EventType "team"]
[EventRounds "7"]
[EventCountry "GRE"]
[WhiteTeam "The Smashing Pawns Belvaux"]
[BlackTeam "Cardigan"]

1. d4 Nf6 2. c4 e6 3. Nf3 Bb4+ 4. Nbd2 O-O 5. a3 Bxd2+ 6. Qxd2 d5 7. Qc2 b6 8.
g3 Bb7 9. Bg2 Nbd7 10. O-O dxc4 11. Qxc4 Bd5 12. Qa4 c5 13. Bf4 Re8 14. Ne5
Bxg2 15. Kxg2 cxd4 16. Qxd4 Nxe5 17. Qxe5 Qd5+ 18. Qxd5 Nxd5 19. Bd2 h6 20.
Rac1 Rac8 21. Rfd1 Red8 22. Kf3 Rxc1 23. Rxc1 Ne7 24. Bb4 Nd5 25. Be1 Rd7 26.
Rc8+ Kh7 27. e4 Nc7 28. a4 e5 29. b4 Ne6 30. a5 bxa5 31. bxa5 Rd3+ 32. Kg2 Rd1
33. Bb4 Rd4 34. Bc3 Rxe4 35. Rc6 Nd4 36. Bxd4 exd4 37. Rc7 d3 38. Rd7 Ra4 39.
Kf3 Rxa5 40. Rxd3 Rf5+ 41. Ke3 a5 42. Rd7 Kg6 43. f4 Rb5 44. Ra7 Rb3+ 45. Kf2
Ra3 46. g4 a4 47. Kg2 Ra2+ 48. Kg3 Ra3+ 49. Kg2 Ra2+ 1/2-1/2

[Event "ECCC 2013"]
[Site "Rhodes"]
[Date "2013.10.24"]
[Round "5"]
[White "Heap, Gerry"]
[Black "Weber, Tom"]
[Result "0-1"]
[WhiteElo "2010"]
[BlackElo "2415"]
[PlyCount "88"]
[EventDate "2013.10.20"]
[EventType "team"]
[EventRounds "7"]
[EventCountry "GRE"]
[WhiteTeam "Cardigan"]
[BlackTeam "The Smashing Pawns Belvaux"]

1. c4 Nf6 2. Nc3 g6 3. g3 d5 4. cxd5 Nxd5 5. Bg2 Nb6 6. d3 Bg7 7. Be3 Nc6 8.
Rc1 Nd4 9. Qd2 Nf5 10. Bc5 O-O 11. Nf3 Re8 12. O-O e5 13. b4 Nd7 14. Be3 Nf8
15. Na4 c6 16. Rc2 Ne6 17. Nc5 Nc7 18. Qc1 a5 19. bxa5 Rxa5 20. Bd2 Ra7 21. a4
b6 22. Ne4 Ne6 23. Bc3 Qc7 24. g4 Nd6 25. Nxd6 Qxd6 26. e3 Rxa4 27. Bxe5 Qxd3
28. Bxg7 Nxg7 29. Rd1 Qa6 30. Nd4 c5 31. Bc6 Bxg4 32. f3 Bh5 33. Bb5 Qa5 34.
Bxe8 Nxe8 35. Nc6 Qa8 36. Ne7+ Kf8 37. Nd5 Bxf3 38. Nxb6 Rg4+ 39. Kf2 Rg2+ 40.
Ke1 Qa5+ 41. Kf1 Rxc2 42. Nd7+ Ke7 43. Qxc2 Bxd1 44. Qxd1 Qb5+ 0-1